00482nam a2200193 a 4500001001300000003000900013005001700022008004100039020001000080082001300090100002500103245002600128260003800154300000900192500003500201505001200236650001500248700002500263nice12345678IN_TiNIC20260116011502.0050524s1955 laha grp 000 0 urd  ac10000a100bPAR aParvez, Ghulam Ahmed aInsan Ne Kiya Soncha? aLahorebTuloo-E-Islam Pressc1955 a439p aincludes index and biblioraphy2 aTurkish aPhilosophy1 aParvez, Ghulam Ahmed